Truyện Cổ M'Nông

Sách gồm 13 tập truyện nói về các số phân nhân vật khác nhau như người mô côi, người lao động, người tài giỏi, người thông minh, ngốc nghếch...

Tallennettuna:
Bibliografiset tiedot
Aineistotyyppi: Kirja
Kieli:Undetermined
Julkaistu: Hà Nội Hội nhà văn 2016
Aiheet:
Tagit: Lisää tagi
Ei tageja, Lisää ensimmäinen tagi!
Thư viện lưu trữ: Trung tâm Học liệu Trường Đại học Cần Thơ
LEADER 00824nam a2200193Ia 4500
001 CTU_226767
008 210402s9999 xx 000 0 und d
082 |a 398.209597 
082 |b Tr527/T.2 
245 0 |a Truyện Cổ M'Nông 
245 0 |c Trương Thông Tuấn (sưu tầm, giới thiệu) 
260 |a Hà Nội 
260 |b Hội nhà văn 
260 |c 2016 
520 |a Sách gồm 13 tập truyện nói về các số phân nhân vật khác nhau như người mô côi, người lao động, người tài giỏi, người thông minh, ngốc nghếch... 
650 |a Văn học dân gian, người Việt,Folk literature, Vietnamese 
904 |i Nhi 
910 |b dqhieu 
980 |a Trung tâm Học liệu Trường Đại học Cần Thơ